00457cam a2200169ua 45000010005000000080039000050200018000440400009000620820008000711000025000792450050001042500009001542600033001633000017001966530037002137000037002505056120303n ii |||gr||||Z||||||eng a0-415-25404-3 cMAIN a840 aPaul, Jean,eAuthor,11awhat is literature?b cby Jean Paul Sartre.  a1st. aChennai:bRoutledge ,c2003. a251p:c23cm. aLiteratures of Romance languages aFrechtman, Bernard,eTranslator,